Industrial electrical plant manintance / (Record no. 185004)
[ view plain ]
| 000 -LEADER | |
|---|---|
| fixed length control field | 00518 a2200169 4500 |
| 003 - CONTROL NUMBER IDENTIFIER | |
| control field | Nust |
| 005 - DATE AND TIME OF LATEST TRANSACTION | |
| control field | 20230119135342.0 |
| 040 ## - CATALOGING SOURCE | |
| Transcribing agency | Nust |
| 082 ## - DEWEY DECIMAL CLASSIFICATION NUMBER | |
| Classification number | 670.42,ANN |
| 100 ## - MAIN ENTRY--PERSONAL NAME | |
| Personal name | E. G. Anness |
| 9 (RLIN) | 107109 |
| 245 ## - TITLE STATEMENT | |
| Title | Industrial electrical plant manintance / |
| 260 ## - PUBLICATION, DISTRIBUTION, ETC. | |
| Place of publication, distribution, etc. | London |
| Name of publisher, distributor, etc. | Sir Issac pitman and sons |
| Date of publication, distribution, etc. | 1950 |
| 300 ## - PHYSICAL DESCRIPTION | |
| Extent | 191 |
| 505 ## - FORMATTED CONTENTS NOTE | |
| Formatted contents note | Direct Current Plant (Page-5), Alternating Current Plant (Page-61), Miscellaneous (Page-131). |
| 650 ## - SUBJECT ADDED ENTRY--TOPICAL TERM | |
| Topical term or geographic name entry element | Industrial electrical plant manintance |
| 9 (RLIN) | 107110 |
| 942 ## - ADDED ENTRY ELEMENTS (KOHA) | |
| Source of classification or shelving scheme | |
| Koha item type | Book |
| Withdrawn status | Lost status | Source of classification or shelving scheme | Damaged status | Not for loan | Permanent Location | Current Location | Shelving location | Date acquired | Full call number | Barcode | Date last seen | Price effective from | Koha item type | Public note |
|---|---|---|---|---|---|---|---|---|---|---|---|---|---|---|
| Military College of Signals (MCS) | Military College of Signals (MCS) | General Stacks | 12/12/2016 | 670.42,ANN | MCS5887 | 12/08/2016 | 12/12/2016 | Book | Almirah No.55, Shelf No.4 |
